书目信息 |
| 题名: |
钢结构原理与设计
|
|
| 作者: | 陈志华 编著 | |
| 分册: | ||
| 出版信息: | 天津 天津大学出版社 2011 |
|
| 页数: | 417页 | |
| 开本: | 26cm | |
| 丛书名: | ||
| 单 册: | ||
| 中图分类: | TU391 | |
| 科图分类: | ||
| 主题词: | 钢结构--高等教育--教材 | |
| 电子资源: | ||
| ISBN: | 978-7-5618-3958-4 | |
| 000 | 00824nam0 2200241 450 | |
| 001 | 012015000305 | |
| 005 | 20150911083504.50 | |
| 010 | @a978-7-5618-3958-4@dCNY48.00 | |
| 100 | @a20111224d2011 em y0chiy50 ea | |
| 101 | 0 | @achi |
| 102 | @aCN@b120000 | |
| 105 | @ay z 000yy | |
| 106 | @ar | |
| 200 | 1 | @a钢结构原理与设计@Agang jie gou yuan li yu she ji@f陈志华编著 |
| 210 | @a天津@c天津大学出版社@d2011 | |
| 215 | @a417页@c图@d26cm | |
| 300 | @a普通高等教育“十一五”国家级规划教材 | |
| 330 | @a本书讲述了钢结构的特性、基本理论和计算方法等基础知识以及单层钢结构、多层钢结构和高层钢结构的设计思想和方法,每种钢结构都从结构体系的特点开始介绍。 | |
| 606 | 0 | @a钢结构@x高等教育@j教材 |
| 690 | @aTU391@v5 | |
| 701 | 0 | @a陈志华@Achen zhi hua@4编著 |
| 801 | 0 | @aCN@b碧洲教育@c20150716 |
| 905 | @a10447@f4@dTU391@e680 | |
| 钢结构原理与设计/陈志华编著.-天津:天津大学出版社,2011 |
| 417页:图;26cm |
| 普通高等教育“十一五”国家级规划教材 |
| ISBN 978-7-5618-3958-4:CNY48.00 |
| 本书讲述了钢结构的特性、基本理论和计算方法等基础知识以及单层钢结构、多层钢结构和高层钢结构的设计思想和方法,每种钢结构都从结构体系的特点开始介绍。 |
| ● |
| 相关链接 |
|
|
|
|
正题名:钢结构原理与设计
索取号:TU391/680
 
预约/预借
| 序号 | 登录号 | 条形码 | 馆藏地/架位号 | 状态 | 备注 |
| 1 | 0849820 | 208498204 | 第二样本阅览室/ [索取号:TU391/680] | 在馆 | |
| 2 | 0849821 | 208498213 | 第三借阅区/ [索取号:TU391/680] | 在馆 | |
| 3 | 0849822 | 208498222 | 第三借阅区/ [索取号:TU391/680] | 在馆 | |
| 4 | 0849823 | 208498231 | 第三借阅区/ [索取号:TU391/680] | 在馆 |